| 000 | 00588nam a22001577a 4500 | ||
|---|---|---|---|
| 999 |
_c535611 _d535611 |
||
| 020 | _qHard Cover. | ||
| 082 | _a621.3 | ||
| 100 | _aMuhammad Khizar Abbas. | ||
| 245 |
_aAuto Diagnosis and Prediction of Epilepsy Instigating Events using Electrophysiological (ECG) Data Intended for Patients Treatment / _cMuhammad Khizar Abbas. |
||
| 260 |
_aIslamabad: _bPNEC NUST, _c2017. |
||
| 300 |
_a81 p. : _bill. ; _c30cm. |
||
| 942 |
_2ddc _cTHE |
||
| 650 |
_aElectrical Engineering MS-Thesis. _916073 |
||
| 700 |
_aDr. Sajjad Haider _916307 |
||